Four Countries with Similar Flags #1 - Statistics

General Stats
  • This quiz has been taken 67,798 times
  • The average score is 12 of 16
Answer Stats
Picture Answer % Correct
Norway
99%
Finland
98%
Denmark
97%
Iceland
97%
Argentina
93%
Romania
88%
Andorra
76%
Honduras
75%
Moldova
75%
Chad
72%
D.R. Congo
70%
Tanzania
69%
Nicaragua
68%
El Salvador
67%
Namibia
55%
St. Kitts & Nevis
49%
No matching quizzes found
Score Distribution
Percent of People with Each Score
Percentile by Number Answered
Your Score History
You have not taken this quiz